[Event "ch-UKR w"]
[Site "Poltava UKR"]
[Date "2010.11.21"]
[Round "9"]
[White "Tantsiura,M"]
[Black "Andrenko,I"]
[Result "0-1"]
[WhiteElo "2065"]
[BlackElo "2231"]

1.e4 g6 2.d4 Bg7 3.Nc3 d6 4.f4 a6 5.Nf3 b5 6.Bd3 Bb7 7.Be3 Nf6 8.e5 Nd5 9.Nxd5 Bxd5
10.O-O Nd7 11.a4 b4 12.c4 bxc3 13.bxc3 O-O 14.a5 c5 15.Qe2 Qc8 16.Nd2 Bb7
17.Rfb1 f5 18.Bc4+ d5 19.Bd3 c4 20.Bc2 e6 21.Nf3 Bc6 22.Bc1 Bb5 23.Bd1 Nb8
24.Ne1 Nc6 25.Ba3 Rf7 26.Bc5 Qd8 27.Bb6 Qe8 28.Nc2 Nb8 29.Na3 Bc6 30.Qf3 Bf8
31.Ra2 Rb7 32.Be2 Bxa3 33.Rxa3 Nd7 34.Ra2 Bb5 35.g4 fxg4 36.Qxg4 Nxb6 37.axb6 Rxb6
38.Ra5 Ra7 39.Qg2 Rf7 40.Rf1 Qd8 41.Qg4 Rb8 42.Ra2 Qe7 43.Kh1 Rbf8 44.Bd1 g5
45.Raf2 Kh8 46.Bc2 gxf4 47.Rxf4 Rxf4 48.Rxf4 Rxf4 49.Qxf4 Be8 50.Qc1 Bh5
51.Qh6 Bf3+ 52.Kg1 Qg7+ 53.Qxg7+ Kxg7 54.Kf2 Be4 55.Ba4 Kg6 56.Kg3 Kf5 57.Bd1 Kg5
58.h4+ Kg6 59.Kf4 Bf5 60.Ba4 h6 61.Be8+ Kg7 62.h5 a5 63.Ke3 Bg4 64.Kf4 Bxh5  0-1

[Event "TCh-HUN 2010-11"]
[Site "Zalaegerszeg HUN"]
[Date "2010.11.21"]
[Round "3"]
[White "Boronyak,A"]
[Black "Istvanovszki,M"]
[Result "0-1"]
[WhiteElo "2198"]
[BlackElo "2282"]

1.e4 g6 2.d4 Bg7 3.Nc3 d6 4.Be3 a6 5.Qd2 b5 6.a3 Bb7 7.Bd3 Nd7 8.Nf3 c5 9.d5 Qc7
10.O-O h6 11.Rfe1 Ngf6 12.h3 g5 13.Rab1 Rc8 14.Qd1 Nf8 15.Nd2 Ng6 16.Rf1 e5
17.dxe6 fxe6 18.f4 gxf4 19.Bxf4 Nxf4 20.Rxf4 O-O 21.Qf3 c4 22.Be2 d5 23.Rf1 Qe5
24.Qf2 d4 25.Nd1 Nxe4 26.Nxe4 Bxe4 27.c3 Rxf4 28.Qxf4 Rf8 29.Qh4 Rxf1+ 30.Bxf1 Bc2
31.Nf2 dxc3 32.bxc3 Qxc3 33.Ng4 Qd4+ 34.Kh1 Qf4 35.Be2 Bg6 36.Qe7 Qf7 37.Qc5 Kh7
38.Bf3 Qf5 39.Qc7 c3 40.Kh2 h5 41.Be4 Qg5 42.Bxg6+ Kxg6  0-1

[Event "XXIII Belgrade Trophy"]
[Site "Obrenovac SRB"]
[Date "2010.11.24"]
[Round "1.33"]
[White "Dizdarevic,B"]
[Black "Rabrenovic,V"]
[Result "0-1"]
[WhiteElo "1953"]
[BlackElo "2396"]

1.e4 d6 2.d4 g6 3.Nc3 Bg7 4.Be3 a6 5.h3 b5 6.Qd2 Bb7 7.Bd3 Nd7 8.Nf3 c5 9.a3 Qc7
10.O-O Ngf6 11.d5 c4 12.Be2 Nc5 13.Bxc5 Qxc5 14.Kh1 O-O 15.Nh2 a5 16.Qf4 Rfe8
17.Ng4 Nxg4 18.Bxg4 b4 19.axb4 axb4 20.Rxa8 Rxa8 21.Nd1 Qd4 22.Qe3 Ra2 23.Qf3 h5
24.Bd7 Qc5 25.Be8 Bf6 26.g4 hxg4 27.hxg4 Ra8 28.g5 Rxe8 29.gxf6 exf6 30.Ne3 Qd4
31.Ng4 Kg7 32.Kh2 Bc8 33.Kg3 Bxg4 34.Qxg4 Rxe4 35.Qf3 Qe5+ 36.Kg2 Qxd5  0-1

[Event "46th American Open"]
[Site "Los Angeles USA"]
[Date "2010.11.25"]
[Round "1"]
[White "Paragua,M"]
[Black "Hermansen,R"]
[Result "1-0"]
[WhiteElo "2509"]
[BlackElo "2217"]

1.e4 g6 2.d4 Bg7 3.Nc3 d6 4.f4 a6 5.Nf3 b5 6.Bd3 Nd7 7.e5 c5 8.Be3 Bb7 9.Be4 Qc7
10.dxc5 dxe5 11.Bxb7 Qxb7 12.Qd5 Qa7 13.fxe5 Rc8 14.O-O Bh6 15.Bf2 Qc7 16.Ne4  1-0

[Event "11th Puhajarve Rapid"]
[Site "Harjumaa EST"]
[Date "2010.11.27"]
[Round "13"]
[White "Ozolins,Ar"]
[Black "Ehlvest,J"]
[Result "0-1"]
[WhiteElo "2239"]
[BlackElo "2586"]

1.e4 g6 2.d4 Bg7 3.Nc3 d6 4.Bg5 c6 5.Qd2 b5 6.a3 Nd7 7.h4 h6 8.Be3 Ngf6 9.f3 a6
10.g4 Bb7 11.Bd3 c5 12.dxc5 Nxc5 13.h5 g5 14.Nge2 Rc8 15.Ng3 e6 16.Be2 Nfd7
17.Bd4 Ne5 18.O-O-O O-O 19.Kb1 Ncd7 20.f4 gxf4 21.Qxf4 Qe7 22.Rhg1 Kh8 23.Rg2 Rc6
24.Rdg1 Qg5 25.Qxg5 hxg5 26.h6 Bf6 27.Nh5 Be7 28.Ng3 Kh7 29.Rh2 Rcc8 30.Be3 Ng6
31.Rh5 Rxc3 32.bxc3 f6 33.Bd3 Nde5 34.Be2 Rc8 35.Kb2 Bc6 36.Rh2 Nf4 37.Bxf4 gxf4
38.Nh5 f3 39.Bd3 d5 40.exd5+ Nxd3+ 41.cxd3 Bxd5 42.Nf4 Bd6 43.Nxd5 Bxh2 44.Nxf6+ Kg6
45.Rh1 f2 46.Ne4 Bg1 47.Ng3 Rh8 48.Nf1 Rxh6 49.Rxh6+ Kxh6 50.Kc2 Kg5 51.Ne3 Bh2
52.Kd1 Bf4 53.Nf1 Kxg4 54.Ke2 Bc1 55.Kxf2 Kf4 56.Ke2 Bxa3 57.Kd2 Bc5 58.d4 Be7
59.Kd3 Bh4 60.Nd2 a5 61.Ne4 Be7 62.Nd2 a4 63.Kc2 Ke3 64.Nf1+ Ke2 65.Ng3+ Kf3
66.Nh5 Ke4 67.Ng7 Kd5 68.Ne8 Bd8 69.Ng7 Ba5 70.Kb2 Kc4 71.Nxe6 Bxc3+ 72.Ka2 Bxd4
73.Nf4 b4 74.Ne2 b3+ 75.Kb1 a3 76.Nc1 Be3 77.Na2 bxa2+ 78.Kxa2 Kb4 79.Kb1 Kb3  0-1

[Event "11th Puhajarve Rapid"]
[Site "Harjumaa EST"]
[Date "2010.11.27"]
[Round "19"]
[White "Ladva,O"]
[Black "Ehlvest,J"]
[Result "1-0"]
[WhiteElo "1998"]
[BlackElo "2586"]

1.e4 g6 2.d4 Bg7 3.Nc3 d6 4.Be3 c6 5.Qd2 b5 6.Bd3 Nf6 7.Nf3 Bg4 8.a4 b4 9.Ne2 Qa5
10.Ng3 Bxf3 11.gxf3 Nbd7 12.Bh6 Bxh6 13.Qxh6 e5 14.Qe3 exd4 15.Qxd4 Qc5 16.Qxc5 Nxc5
17.Bc4 a5 18.b3 Nfd7 19.O-O-O Ke7 20.Rd2 Nb6 21.Be2 Ne6 22.Rhd1 Rad8 23.Bf1 d5
24.Ne2 dxe4 25.fxe4 Rxd2 26.Rxd2 Nd7 27.f4 Nf6 28.Bg2 Nh5 29.f5 Nef4 30.Bf3 Nxe2+
31.Bxe2 Nf4 32.Bc4 f6 33.Rf2 g5 34.Kd2 Rd8+ 35.Ke3 Rd1 36.h4 h6 37.hxg5 hxg5
38.Rh2 Re1+ 39.Kf3 Rc1 40.e5 fxe5 41.Rh7+ Kd6 42.f6 Rg1 43.f7 Ke7 44.Rh8 Ng6
45.Re8+ Kf6 46.f8=Q+ Nxf8 47.Rxf8+ Ke7 48.Ra8 Kd6 49.Rxa5 g4+ 50.Kf2 Rd1
51.Ra8 Rd2+ 52.Kg3 Rxc2 53.a5 e4 54.a6 e3 55.Re8 Kc5  1-0

[Event "BNBank Gp2"]
[Site "Oslo NOR"]
[Date "2010.11.27"]
[Round "5"]
[White "Hobber,A"]
[Black "Agdestein,S"]
[Result "0-1"]
[WhiteElo "2196"]
[BlackElo "2570"]

1.d4 g6 2.e4 Bg7 3.Nc3 d6 4.Nf3 a6 5.Be3 b5 6.Bd3 Bb7 7.a3 Nd7 8.d5 Ngf6
9.O-O O-O 10.Re1 c6 11.dxc6 Bxc6 12.Qe2 Bb7 13.Rad1 Qc7 14.Qd2 Ng4 15.Bg5 Rfe8
16.h3 Nge5 17.Nxe5 Nxe5 18.Bf1 Nc4 19.Bxc4 Qxc4 20.Nd5 Bxd5 21.exd5 Bxb2
22.Qd3 Qxd3 23.Rxd3 f6 24.Be3 Rac8 25.Re2 Kf7 26.Rb3 Bc3 27.f3 g5 28.Kf2 Rc4
29.Bc1 Rec8 30.Ke3 Be5 31.Kd3 Rd4+ 32.Ke3 Rxd5 33.Ke4 Rd4+ 34.Kf5 e6+  0-1

[Event "XXVI Governors Cup"]
[Site "Legnica POL"]
[Date "2010.11.28"]
[Round "6"]
[White "Bulski,K"]
[Black "Butkiewicz,L"]
[Result "1-0"]
[WhiteElo "2470"]
[BlackElo "2408"]

1.e4 d6 2.d4 g6 3.Nc3 Bg7 4.f4 Nf6 5.Nf3 O-O 6.Bd3 Na6 7.e5 Nd7 8.Be3 c5
9.Bxa6 bxa6 10.Qe2 Bb7 11.O-O-O Qa5 12.Nd2 cxd4 13.Bxd4 dxe5 14.Nc4 Qc7 15.Nxe5 Nf6
16.Rhe1 e6 17.g3 Rfd8 18.Kb1 Nd5 19.Ne4 Nb4 20.a3 Nc6 21.Nxc6 Qxc6 22.Nf6+ Kh8
23.Be5 Qf3 24.Rd7 Qxe2 25.Rxe2 Rxd7 26.Nxd7 Rd8 27.Nc5 Rd1+ 28.Ka2 Bd5+ 29.b3 a5
30.Kb2 h5 31.c4 Ba8 32.Kc2 Rh1 33.Rd2 Bxe5 34.fxe5 g5 35.b4 Kg7 36.b5 Re1
37.Nd7 Re3 38.c5 Be4+ 39.Kb2 a4 40.Nf6 Bf3 41.c6 Rb3+ 42.Kc1 Kg6 43.c7 Bb7
44.Ne8 Be4 45.Rc2  1-0

[Event "WY U-16 Olympiad"]
[Site "Burdur TUR"]
[Date "2010.11.29"]
[Round "4"]
[White "Mateus,F"]
[Black "Iyti,B"]
[Result "0-1"]
[WhiteElo "2069"]
[BlackElo "2125"]

1.e4 g6 2.d4 Bg7 3.Nc3 d6 4.Be3 Nf6 5.f3 O-O 6.Qd2 e5 7.Nge2 exd4 8.Nxd4 d5
9.e5 Nfd7 10.e6 Ne5 11.exf7+ Nxf7 12.Nb3 c6 13.O-O-O a5 14.a4 b5 15.h4 b4
16.Ne2 Nd6 17.Ned4 Nc4 18.Bxc4 dxc4 19.Nc5 Qd5 20.Qf2 Qxc5 21.Ne6 Qe5 22.Nxg7 Qxg7
23.h5 b3 24.Rd6 g5 25.Qg3 Nd7 26.Bxg5 Nf6 27.Qh4 Nd5 28.h6 Qe5 29.Rxc6 c3
30.bxc3 b2+ 31.Kxb2 Rb8+ 32.Kc1 Bd7 33.Re1 Qf5 34.Rc4 Rfe8 35.Rd1 Rb6 36.Rg4 Rg6
37.Bd2 Rxg4 38.fxg4 Qxg4 39.Qf2 Qxa4 40.Qg3+ Bg4 41.Kb1 Qb5+ 42.Kc1 Qa4 43.Kb1 Qb5+
44.Kc1 Qc4 45.Rf1 Qxf1+ 46.Kb2 Qb5+ 47.Kc1 Qa4 48.Kb2 Nb6 49.Kb1 Qb5+ 50.Kc1 Qf1+
51.Kb2 Nc4+ 52.Ka2 Qf5  0-1

[Event "WY U-16 Olympiad"]
[Site "Burdur TUR"]
[Date "2010.11.30"]
[Round "6"]
[White "Ali Marandi,C"]
[Black "Grigoryan,K2"]
[Result "0-1"]
[WhiteElo "2191"]
[BlackElo "2368"]

1.e4 d6 2.d4 g6 3.Nc3 Bg7 4.g3 c6 5.Bg2 Nd7 6.Nge2 Ngf6 7.O-O O-O 8.h3 e5
9.a4 a5 10.d5 cxd5 11.Nxd5 Nxd5 12.Qxd5 Nb6 13.Qd2 Be6 14.Rd1 Qc8 15.Kh2 Rd8
16.Nc3 Kh8 17.Nd5 Nxd5 18.exd5 Bf5 19.c3 Bd7 20.Qe2 Rf8 21.c4 f5 22.f4 Qe8
23.Qc2 g5 24.Bd2 Qh5 25.Re1 gxf4 26.gxf4 Rg8 27.c5 Rac8 28.Bc3 Rxc5 29.fxe5 dxe5
30.Rxe5 Rxc3 31.Qxc3 Qg6 32.Kh1 Qxg2+ 33.Kxg2 Bxe5+ 34.Kf2 Bxc3 35.bxc3 Rc8
36.Ke3 Rxc3+ 37.Kd4 Rxh3 38.Ke5 Kg7 39.Kd6 Be8 40.Kc7 Rd3 41.d6 Bc6  0-1

[Event "XXIII Belgrade Trophy"]
[Site "Obrenovac SRB"]
[Date "2010.11.30"]
[Round "7.68"]
[White "Stojanovic,Nad"]
[Black "Ugrenovic,Aleksandar"]
[Result "1-0"]
[WhiteElo "2027"]
[BlackElo "1887"]

1.e4 g6 2.d4 Bg7 3.Nc3 d6 4.Be3 Nf6 5.f3 h6 6.Qd2 Nc6 7.O-O-O a6 8.g4 Nd7
9.f4 e5 10.dxe5 dxe5 11.f5 Nd4 12.fxg6 fxg6 13.Qg2 O-O 14.Bc4+ Kh7 15.Nce2 Nb6
16.Bb3 Nxb3+ 17.cxb3 Qf6 18.Kb1 Qe6 19.h3 a5 20.g5 h5 21.Nc3 Bd7 22.Nge2 a4
23.Bxb6 cxb6 24.bxa4 Bxa4 25.Nxa4 Rxa4 26.Nc3 Rd4 27.Nd5 Kh8 28.Rc1 Qd6 29.Rhf1 Rxf1
30.Qxf1 Rxe4 31.Rc8+ Kh7 32.Qf7 Re1+ 33.Kc2 Re2+ 34.Kd1  1-0

[Event "XXIII Belgrade Trophy"]
[Site "Obrenovac SRB"]
[Date "2010.12.01"]
[Round "8.20"]
[White "Sarenac,D"]
[Black "Sredojevic,I"]
[Result "0-1"]
[WhiteElo "2265"]
[BlackElo "2411"]

1.e4 d6 2.d4 g6 3.Nc3 Bg7 4.Be3 a6 5.Qd2 b5 6.f3 Nd7 7.Nge2 Bb7 8.a4 b4 9.Nd5 a5
10.c3 e6 11.Ndf4 c5 12.d5 e5 13.Nd3 c4 14.Nf2 b3 15.g4 Qc7 16.Ng3 h6 17.h4 Ne7
18.Be2 Ba6 19.Nh3 O-O-O 20.h5 f5 21.Bg1 f4 22.Nf1 g5 23.Kd1 Kb7 24.Qe1 Nc8
25.Nd2 Ncb6 26.Qf1 Ra8 27.Ra3 Bf6 28.Kc1 Rhb8 29.Bf2 Kc8 30.Nxb3 Nxd5 31.exd5 Rb7
32.Nd2 e4 33.Nxe4 Rab8 34.Ra2 Ne5 35.Qd1 Nd3+ 36.Bxd3 cxd3 37.Qd2 Bc4 38.Ra3 Be5
39.Rh2 Rxb2 40.Qxb2 Rxb2 41.Kxb2 Bxd5 42.Bd4 Qb7+ 43.Kc1 Bxe4 44.fxe4 Qxe4
45.Nf2 Qe2 46.Kb1 d2  0-1

[Event "XXIII Belgrade Trophy"]
[Site "Obrenovac SRB"]
[Date "2010.12.02"]
[Round "9.16"]
[White "Sredojevic,I"]
[Black "Lazic,Z"]
[Result "1-0"]
[WhiteElo "2411"]
[BlackElo "2180"]

1.e4 g6 2.d4 Bg7 3.Nc3 d6 4.Be3 Nf6 5.Qd2 Ng4 6.Bg5 h6 7.Bh4 g5 8.Bg3 h5
9.h4 gxh4 10.Bxh4 c6 11.f3 Nf6 12.O-O-O Qa5 13.Kb1 Bh6 14.Qe1 Nbd7 15.Bxf6 exf6
16.Nb5 Qxe1 17.Nxd6+ Kf8 18.Rxe1 Bf4 19.Nxc8 Rxc8 20.Ne2 Be3 21.g3 Rd8 22.Rd1 Ne5
23.Bg2 Nc4 24.b3 Na3+ 25.Kb2 Nb5 26.c3 h4 27.gxh4 Ke7 28.f4 Rdg8 29.Bf3 Nd6
30.Kc2 f5 31.e5 Ne4 32.Kd3 Nf2+ 33.Kxe3 Nxd1+ 34.Rxd1 Rxh4 35.Rh1 Rxh1 36.Bxh1 Rh8
37.Bf3 f6 38.c4 a5 39.d5 a4 40.Nd4 fxe5 41.fxe5  1-0

[Event "FSFMA November"]
[Site "Budapest HUN"]
[Date "2010.12.04"]
[Round "1"]
[White "Borda,L"]
[Black "Tessedik,K"]
[Result "1-0"]
[WhiteElo "2127"]
[BlackElo "1993"]

1.e4 g6 2.d4 Bg7 3.Nc3 d6 4.Be2 Nc6 5.Bb5 Bd7 6.Nge2 a6 7.Bxc6 Bxc6 8.Be3 b5
9.d5 Bd7 10.Nd4 Qc8 11.a3 Qb7 12.O-O Nf6 13.f3 e5 14.Nde2 h5 15.h4 Qc8 16.Qd2 O-O
17.Nc1 Nh7 18.Nd3 Qd8 19.g3 f5 20.Qh2 c5 21.dxc6 Bxc6 22.Nb4 Bb7 23.Nbd5 Rc8
24.Rad1 Rf7 25.Rd2 fxe4 26.Nxe4 Qf8 27.Qe2 Kh8 28.c3 Rc6 29.Kg2 Nf6 30.Ng5 Nxd5
31.Rxd5 Rf6 32.Ne4 Re6 33.Qd2 Qb8 34.Rd1 Bf8 35.Bh6 Rb6 36.Bxf8 Qxf8 37.Rd3 d5
38.Qe3 Qe7 39.Nc5 d4 40.Qh6+ Kg8 41.Nxe6 Rxe6 42.Re1 e4 43.fxe4 dxc3 44.Rxc3 Qd6
45.Qf4 Qxf4 46.gxf4 Bxe4+ 47.Kf2 Kf7 48.Rce3 Bf5 49.Rxe6 Bxe6 50.Ke3 a5 51.Kd4 b4
52.axb4 axb4 53.Ke5 Bf5 54.Rc1 b3 55.Rc7+ Ke8  1-0

[Event "2nd Pilsen Open"]
[Site "Plzen CZE"]
[Date "2010.12.04"]
[Round "1"]
[White "Skokan,F"]
[Black "Richardson,Kei"]
[Result "1-0"]
[WhiteElo "1836"]
[BlackElo "2135"]

1.e4 g6 2.d4 Bg7 3.Nc3 d6 4.f4 Nc6 5.Be3 Nf6 6.Nf3 O-O 7.h3 a6 8.a3 b5 9.Qd2 Bb7
10.Bd3 b4 11.axb4 Nxb4 12.O-O Nxd3 13.cxd3 Nd7 14.f5 c5 15.Bh6 cxd4 16.Ne2 Ne5
17.Ng3 e6 18.Bxg7 Kxg7 19.Ng5 exf5 20.exf5 Bc8 21.f6+ Kh8 22.Qf4  1-0

[Event "TCh-BEL 2010-11"]
[Site "Belgium BEL"]
[Date "2010.12.05"]
[Round "5.6"]
[White "Ahn,M"]
[Black "Gryson,W"]
[Result "1-0"]
[WhiteElo "2292"]
[BlackElo "2230"]

1.e4 g6 2.d4 Bg7 3.Nc3 d6 4.Be3 a6 5.Qd2 Nd7 6.h4 h5 7.Nh3 b5 8.Ng5 Bb7 9.O-O-O Rc8
10.f4 Nh6 11.e5 e6 12.Nce4 Nf5 13.Bf2 Nb6 14.Be2 Qe7 15.g4 hxg4 16.Bxg4 Nc4
17.Qe2 c5 18.dxc5 dxe5 19.b3 O-O 20.bxc4 exf4 21.h5 bxc4 22.h6 Be5 23.Nf3 Ba1
24.c3 Ne3 25.Bxe3 fxe3 26.Rd7 Bxe4 27.Rxe7 Rb8 28.Qxe3 Bd3 29.Qe5 f6 30.Qxe6+ Kh8
31.Rh7+  1-0

[Event "FSIM November"]
[Site "Budapest HUN"]
[Date "2010.12.07"]
[Round "4"]
[White "Tan Weiliang"]
[Black "Brustkern,J"]
[Result "1-0"]
[WhiteElo "2164"]
[BlackElo "2276"]

1.e4 g6 2.d4 Bg7 3.Nc3 d6 4.g3 Nc6 5.Be3 e5 6.dxe5 Nxe5 7.h3 Be6 8.Nf3 Nxf3+
9.Qxf3 c6 10.Rd1 Nf6 11.Bc5 Nd7 12.Bxd6 Qa5 13.Be2 Ne5 14.Qe3 Nc4 15.Bxc4 Bxc4
16.e5 O-O-O 17.f4 f6 18.Qd4 Bd5 19.b4 fxe5 20.fxe5 Qa3 21.Qg4+ Rd7 22.Nxd5 cxd5
23.O-O Bxe5 24.Rxd5 Qe3+ 25.Kg2 Bxd6 26.Rxd6 Rd8 27.Rxd7 Rxd7 28.Rd1  1-0

[Event "2nd Pilsen Open"]
[Site "Plzen CZE"]
[Date "2010.12.07"]
[Round "4"]
[White "Ostrowska,D"]
[Black "Richardson,Kei"]
[Result "0-1"]
[WhiteElo "1926"]
[BlackElo "2135"]

1.e4 g6 2.d4 Bg7 3.Nc3 d6 4.Nf3 a6 5.a4 Nc6 6.h3 Nf6 7.Be2 O-O 8.O-O e5 9.dxe5 dxe5
10.Bg5 Be6 11.Nd2 h6 12.Be3 Nd4 13.Bc4 Nh5 14.Bxd4 exd4 15.Ne2 Bxc4 16.Nxc4 b5
17.Na3 Re8 18.Qd3 Nf6 19.f3 c6 20.Rad1 Nd7 21.Nxd4 Qb6 22.Kh1 Nc5 23.Qd2 Nxa4
24.c3 Rad8 25.Qc2 Nc5 26.Qf2 Na4 27.Rfe1 Rd7 28.Rd2 c5 29.Nb3 Rxd2 30.Qxd2 Rd8
31.Qc2 c4 32.Nc1 Qd6 33.e5 Bxe5 34.f4 Bxf4 35.Rf1 Be5 36.Qf2 f5 37.Qh4 Kh7
38.Nc2 Bf6 39.Qe1 Nxb2 40.Ne3 Nd3 41.Nxd3 cxd3 42.Qf2 d2 43.Nxf5 gxf5 44.Qxf5+ Kg8
45.Qg6+ Bg7 46.Qf7+ Kh7 47.Qf5+ Qg6 48.Qf3 Qd3  0-1

[Event "FSFMA November"]
[Site "Budapest HUN"]
[Date "2010.12.08"]
[Round "5"]
[White "Letay,G"]
[Black "Tessedik,K"]
[Result "1-0"]
[WhiteElo "2089"]
[BlackElo "1993"]

1.e4 g6 2.d4 Bg7 3.Nc3 d6 4.Be3 Nf6 5.f3 O-O 6.Qd2 Re8 7.O-O-O e5 8.dxe5 Rxe5
9.g4 Nc6 10.h4 Ra5 11.Bc4 Be6 12.Nd5 b5 13.Bb3 Ra6 14.Kb1 Bxd5 15.exd5 Na5
16.Ne2 Rb8 17.h5 Nc4 18.Bxc4 bxc4 19.Bd4 Qe8 20.Nc3 c5 21.dxc6 Qxc6 22.hxg6 fxg6
23.g5 Qb7 24.b3 Nh5 25.Bxg7 Nxg7 26.Ne4 cxb3 27.cxb3 Nh5 28.Nxd6 Qxf3 29.Rhf1 Qc6
30.Nf7 Qe4+ 31.Ka1 Re8 32.Nh6+ Kh8  1-0

[Event "2nd Pilsen Open"]
[Site "Plzen CZE"]
[Date "2010.12.09"]
[Round "7"]
[White "Stachanczyk,J"]
[Black "Golcman,E"]
[Result "0-1"]
[WhiteElo "2293"]
[BlackElo "2290"]

1.e4 g6 2.d4 Bg7 3.Nc3 d6 4.f4 Nf6 5.Nf3 O-O 6.Bd3 c6 7.O-O b5 8.e5 Ne8 9.a4 b4
10.Ne4 Na6 11.Qe1 Rb8 12.Neg5 h6 13.Qh4 Nac7 14.Be3 Nd5 15.Bd2 Nec7 16.Ne4 f5
17.exf6 exf6 18.Qg3 f5 19.Nf2 Kh7 20.c4 bxc3 21.bxc3 Ba6 22.Bxa6 Nxa6 23.c4 Nf6
24.Nh4 Qe8 25.Rfe1 Qf7 26.c5 dxc5 27.dxc5 Rb3 28.Re7 Qxe7 29.Qxb3 Ne4 30.Nxe4 Bxa1
31.Nc3 Rb8  0-1

[Event "TCh-NED"]
[Site "Netherlands NED"]
[Date "2010.12.11"]
[Round "4.9"]
[White "Van de Oudeweetering,A"]
[Black "Van der Hoeven,G"]
[Result "1-0"]
[WhiteElo "2321"]
[BlackElo "2271"]

1.e4 g6 2.d4 Bg7 3.Nc3 d6 4.f4 Nf6 5.Nf3 c5 6.dxc5 Qa5 7.Bd3 Qxc5 8.Qe2 Nc6
9.Be3 Qa5 10.O-O Bg4 11.Qe1 Bxf3 12.Rxf3 O-O 13.Kh1 Nd7 14.Bd2 Nc5 15.Rh3 Nxd3
16.cxd3 Qd8 17.Qh4 h5 18.g4 Bf6 19.Qg3 hxg4 20.Qxg4 e6 21.f5 Ne5 22.Qg2 Qb6
23.Be3 Qb4 24.Rf1 Nxd3 25.fxg6 Bg7 26.gxf7+ Rxf7 27.Rxf7 Kxf7 28.Qf1+ Kg8
29.Qxd3 Qxb2 30.e5 Qa1+ 31.Bg1 Rf8 32.Qh7+ Kf7 33.Rg3  1-0

[Event "TCh-NED"]
[Site "Netherlands NED"]
[Date "2010.12.11"]
[Round "4.1"]
[White "Brandenburg,D"]
[Black "Cuijpers,F"]
[Result "1/2-1/2"]
[WhiteElo "2519"]
[BlackElo "2465"]

1.e4 g6 2.d4 Bg7 3.Nc3 d6 4.Be3 Nf6 5.h3 O-O 6.g4 e5 7.Nge2 exd4 8.Bxd4 Nc6
9.Be3 Rb8 10.Ng3 Be6 11.Bg2 b5 12.O-O Nd7 13.Qc1 b4 14.Nd5 a5 15.Bg5 f6 16.Bd2 Bxd5
17.exd5 Ne7 18.a3 bxa3 19.Rxa3 f5 20.b3 fxg4 21.hxg4 Nf6 22.Rxa5 Nxg4 23.Bh3 Nf6
24.Be6+ Kh8 25.Bh6 Ra8 26.Rb5 Rb8 27.Rxb8 Qxb8 28.Qg5 Bxh6 29.Qxh6 Nexd5
30.Rd1 Ne7 31.Rd3 Neg8 32.Qh4 Qb5 33.Qd4 Ne7 34.Re3 Qb6 35.Qh4 Qc5 36.c4 Neg8
37.Ne2 Qh5 38.Qd4 Qg5+ 39.Kf1 Ne7 40.Ng3 Nc6 41.Qc3 Ne5 42.c5 Re8 43.cxd6 cxd6
44.Bf7 Re7 45.Qc8+ Kg7 46.Be6 Qf4 47.Ne2 Qb4 48.Rc3 Qb7 49.Qxb7 Rxb7 50.Nd4 h5
51.Kg2 Rb4 52.Nc2 Rb6 53.Re3 Nc6 54.Rd3 Ne5 55.Re3 Nc6 56.Rd3  1/2-1/2

[Event "Bansko Grand Chess Open"]
[Site "Bansko BUL"]
[Date "2010.12.18"]
[Round "8.6"]
[White "Georgiev,Kr"]
[Black "Petrov,Marij"]
[Result "0-1"]
[WhiteElo "2422"]
[BlackElo "2534"]

1.e4 g6 2.d4 Bg7 3.Nc3 d6 4.h3 Nf6 5.Nf3 O-O 6.Be2 c6 7.a4 Nbd7 8.O-O e5
9.Be3 Qe7 10.dxe5 dxe5 11.Nd2 Nc5 12.Bf3 Rd8 13.Qc1 b6 14.Rd1 Ne6 15.Nb3 Ba6
16.a5 b5 17.Ne2 c5 18.c3 c4 19.Rxd8+ Rxd8 20.Nd2 Qc7 21.Qc2 Nd7 22.b4 cxb3
23.Nxb3 b4 24.Rc1 Rc8 25.Qd2 Bxe2 26.Bxe2 bxc3 27.Qe1 Nd4 28.Bd1 Qc4 29.Na1 Bf8  0-1

[Event "European Rapid Championship"]
[Site "Warsaw POL"]
[Date "2010.12.18"]
[Round "1"]
[White "Olszewski,Mi"]
[Black "Kulakiewicz,M"]
[Result "1-0"]
[WhiteElo "2532"]
[BlackElo "1808"]

1.e4 g6 2.d4 Bg7 3.Nc3 d6 4.Be3 Nf6 5.Qd2 Ng4 6.Bg5 c5 7.dxc5 Qa5 8.cxd6 exd6
9.Nb5 Qxd2+ 10.Bxd2 O-O 11.f3 Nf6 12.Nc7 d5 13.exd5 Bf5 14.Nxa8 Nxd5 15.Bc4 Re8+
16.Ne2 Ne3 17.Bxe3 Rxe3 18.O-O-O Bf6 19.Nc7 Bg5 20.f4 Re4 21.fxg5 Nc6 22.Bd3 Re7
23.Nd5 Re8 24.Nf6+  1-0

[Event "European Rapid Championship"]
[Site "Warsaw POL"]
[Date "2010.12.18"]
[Round "3"]
[White "Zapolskis,A"]
[Black "Markowski,T"]
[Result "0-1"]
[WhiteElo "2327"]
[BlackElo "2625"]

1.e4 d6 2.d4 g6 3.Nc3 Bg7 4.Be2 a6 5.Be3 b5 6.Bf3 Bb7 7.a4 b4 8.Na2 a5 9.c3 Nd7
10.cxb4 axb4 11.Nxb4 c5 12.Nc2 Ngf6 13.e5 Nd5 14.exd6 O-O 15.Bxd5 Bxd5 16.Nf3 exd6
17.O-O Bb3 18.Qd2 Bxa4 19.Na3 Bc6 20.d5 Bb7 21.Bh6 Nf6 22.Bxg7 Kxg7 23.Nb5 Rxa1
24.Rxa1 Bxd5 25.Ne1 Qb6 26.Nc3 Be6 27.Nd3 Rb8 28.h3 Bc4 29.Rb1 Bxd3 30.Qxd3 Re8
31.Nd5 Nxd5 32.Qxd5 Re6 33.Qd2 Qb3 34.Rc1 h5 35.Rc3 Qb4 36.Qc1 Re2 37.Re3 Rxb2
38.Re1 Qd2  0-1

[Event "European Rapid Championship"]
[Site "Warsaw POL"]
[Date "2010.12.18"]
[Round "6"]
[White "Lavendelis,E"]
[Black "Krysztofiak,M"]
[Result "1/2-1/2"]
[WhiteElo "2321"]
[BlackElo "2449"]

1.e4 d6 2.d4 g6 3.Nc3 Bg7 4.Be3 Nf6 5.f3 c6 6.g4 b5 7.Qd2 h5 8.g5 Nfd7 9.f4 Nb6
10.Nf3 b4 11.Nd1 a5 12.Bd3 d5 13.e5 e6 14.Nh4 Ba6 15.a3 bxa3 16.Rxa3 Bxd3
17.Qxd3 Qc7 18.O-O O-O 19.b3 N8d7 20.Nxg6 fxg6 21.Qxg6 Rfe8 22.Qxh5 Nf8 23.g6 Nc8
24.f5 exf5 25.Rxf5 Re6 26.Rf7 Rxg6+ 27.Qxg6 Qxf7 28.Qxc6 Qg6+ 29.Qxg6 Nxg6
30.Bd2 Nh4 31.Kf2 Nf5 32.Ne3  1/2-1/2

[Event "European Rapid Championship"]
[Site "Warsaw POL"]
[Date "2010.12.18"]
[Round "7"]
[White "Shkapenko,P"]
[Black "Markowski,T"]
[Result "0-1"]
[WhiteElo "2419"]
[BlackElo "2625"]

1.e4 d6 2.d4 g6 3.Nc3 Bg7 4.f4 Nf6 5.Nf3 O-O 6.Bd3 Nc6 7.O-O e5 8.fxe5 dxe5
9.d5 Ne7 10.Nxe5 c6 11.Bg5 cxd5 12.Bxf6 Qb6+ 13.Kh1 Bxf6 14.Nxd5 Nxd5 15.Nc4 Qc5
16.exd5 Bg7 17.Qf3 b5 18.Na5 Bxb2 19.Rab1 Bg7 20.Rxb5 Qa3 21.Nc4 Qa4 22.Rb3 Bd7
23.Nd6 Qxa2 24.Qe3 Ba4 25.Rb7 Qxd5 26.Qe7 Bc6 27.Be4 Bxb7 28.Bxd5 Bxd5 29.c4 Be6
30.h4 a5 31.Rc1 a4 32.Nb5 a3 33.Nxa3 Bb2 34.Rc2 Bxa3 35.c5 h5 36.Qb7 Rfb8
37.Qf3 Rc8 38.c6 Be7 39.g3 Ra3 40.Qg2 Bd6 41.Qd2 Bxg3 42.c7 Bxh4 43.Rc6 Bf5
44.Rc5 Rd3 45.Qg2 Rh3+  0-1

[Event "Moscow Teams"]
[Site "Moscow RUS"]
[Date "2010.12.19"]
[Round "7"]
[White "Mozharov,M"]
[Black "Gorbatov,A"]
[Result "0-1"]
[WhiteElo "2494"]
[BlackElo "2382"]

1.d4 g6 2.e4 Bg7 3.Nc3 d6 4.f4 c6 5.Nf3 Bg4 6.Be3 Qb6 7.Qd2 Bxf3 8.gxf3 Nd7
9.O-O-O Qa5 10.Kb1 O-O-O 11.Rg1 Bh6 12.Bc4 Rf8 13.Bb3 Kb8 14.Qg2 Ndf6 15.Bd2 Nh5
16.f5 Bxd2 17.Qxd2 Qc7 18.Qe3 Qc8 19.Ne2 e6 20.Nf4 Ng7 21.fxe6 fxe6 22.d5 e5
23.Ne6 Nxe6 24.dxe6 Qc7 25.Qd2 Rd8 26.a3 Nf6 27.Qg5 Nh5 28.Rd2 Rhe8 29.Rgd1 a6
30.Ka2 Nf4 31.Qf6 Qe7 32.Qxe7 Rxe7 33.Rxd6 Rxd6 34.Rxd6 Kc7 35.Rd2 Nxe6 36.Bxe6 Rxe6
37.Rg2 Rf6 38.Rg3 Kd6 39.Kb3 Ke7 40.Kc3 Rd6 41.Rg1 Kf6 42.a4 a5 43.b3 g5
44.Rb1 Kg6 45.b4 axb4+ 46.Rxb4 Rd7 47.a5 h5 48.Kc4 g4 49.fxg4 hxg4 50.Rb3 Rh7
51.Kc5 Kg5 52.c4 Kf4 53.Kb6 Kxe4 54.c5 Kf4 55.Ka7 e4 56.Rxb7 Rxb7+ 57.Kxb7 e3
58.a6 e2 59.a7 e1=Q 60.a8=Q Qb4+ 61.Kc7 Qxc5 62.Qa4+ Kg5 63.Qa2 Qd5 64.Qb2 c5
65.Qc1+ Kg6 66.Qg1 Qd4 67.Qb1+ Kg5 68.Kc6 c4 69.Qc1+ Kf5 70.Kb5 c3 71.Qf1+ Kg5
72.Qc1+ Qd2 73.Qg1 c2 74.Qc5+ Kh4  0-1

[Event "Stanitsa Winter 2010"]
[Site "Stanitsa-Luganskaya UKR"]
[Date "2010.12.19"]
[Round "7"]
[White "Blednov,S"]
[Black "Gutsko,N"]
[Result "1-0"]
[WhiteElo "2360"]
[BlackElo "2287"]

1.e4 g6 2.d4 Bg7 3.Nc3 d6 4.f4 a6 5.Nf3 Nd7 6.e5 c5 7.Bc4 cxd4 8.Ng5 Nxe5
9.fxe5 dxc3 10.Nxf7 cxb2 11.Bxb2 Qb6 12.Bb3 Nh6 13.Nxh8 Bxe5 14.Ba4+ Kd8
15.Bxe5 Qa5+ 16.Kf2 Qxe5 17.h3 Qf4+ 18.Qf3 Qxa4 19.Qf8+ Kd7 20.Qxh6 Qxc2+
21.Kf1 Qb2 22.Re1 Qxh8 23.Kg1 b5 24.Kh2 Bb7 25.Rhf1 Re8 26.Rf7 Qc3 27.Qh4 g5
28.Qf2 g4 29.Rxh7 Kd8 30.hxg4 Qc6 31.Re2 Qd5 32.Qh4 Kc8 33.Rhxe7 Rxe7 34.Qxe7 Bc6
35.g5 Qc4 36.g6 Qf4+ 37.Kg1 Qc1+ 38.Re1 Qc5+ 39.Qe3 Qc2 40.Qg5 Qc3 41.Rc1 Qd4+
42.Kh2 Kd7 43.g7 Bd5 44.Qf5+ Be6 45.g8=Q  1-0

[Event "European Rapid Championship"]
[Site "Warsaw POL"]
[Date "2010.12.19"]
[Round "10"]
[White "Napoli,N"]
[Black "Krysztofiak,M"]
[Result "0-1"]
[WhiteElo "2291"]
[BlackElo "2449"]

1.d4 d6 2.e4 g6 3.Nc3 Bg7 4.f4 Nf6 5.e5 Nfd7 6.Nf3 O-O 7.h4 c5 8.e6 fxe6
9.h5 cxd4 10.Nxd4 Nf6 11.hxg6 hxg6 12.Bc4 d5 13.Bd3 Qe8 14.Qe2 Qf7 15.Nf3 Nc6
16.Nb5 Nh5 17.Rxh5 gxh5 18.Ng5 Qf6 19.Bd2 e5 20.Nc7 Bg4 21.Qf2 exf4 22.Nf3 Bxf3
23.Qxf3 Qe5+ 24.Kf1 Qxc7 25.Qxd5+ e6 26.Qxh5 Rf5 27.Bxf5 exf5 28.Re1 Qf7  0-1